Stati per numero di Rifugiati - Statistics

Statistiche generali
  • Questo quiz è stato fatto 5 volte
  • Il punteggio medio è 8 su 10
Statistiche sulle risposte
Numero di rifugiati Continente Nazione % Corretto
2 075 445 Europa Germania
100%
3 425 091 Asia Iran
100%
971 129 Europa Polonia
100%
1 277 753 Asia / Europa Russia
100%
3 568 259 Asia / Europa Turchia
100%
1 743 785 Asia Pakistan
75%
3 062 851 Asia Giordania
50%
1 306 143 Asia Libano
50%
1 097 128 Africa Sudan
50%
1 463 523 Africa Uganda
50%
Nessun quiz corrispondente trovato
Distribuzione punteggi
Percentuale di utenti per punteggio
Percentile per numero di risposta
I tuoi punteggi nel tempo
Non hai fatto questo quiz